Munkavállalói elégedettség mérés a Robert Bosch Elektronika Kft.-nél

Bibliographic Details
Main Author: Csizmadia Anett Éva
Other Authors: Krajcsák Dr. Zoltán
Németh Boróka Eszter
Format: Project work
Kulcsszavak:Robert Bosch Elektronika Kft.
Munkavállalói elégedettség mérés
Csizmadia Anett Éva
Online Access:http://dolgozattar.uni-bge.hu/22129

MARC

LEADER 00000nnm a2200000 i 4500
001 dolg22129
005 20190515163051.0
008 190515suuuu hu o 000 hun d
040 |a BGE Dolgozattár Repozitórium  |b hun 
041 |a hu 
100 1 |a Csizmadia Anett Éva 
245 1 0 |a Munkavállalói elégedettség mérés a Robert Bosch Elektronika Kft.-nél  |c Csizmadia Anett Éva  |h [elektronikus dokumentum] 
516 |a Project_work 
695 |a Robert Bosch Elektronika Kft. 
695 |a Munkavállalói elégedettség mérés 
695 |a Csizmadia Anett Éva 
700 1 |a Krajcsák Dr. Zoltán  |e ths 
700 1 |a Németh Boróka Eszter  |e ths 
856 4 0 |u http://dolgozattar.uni-bge.hu/22129/3/Munkav%C3%A1llal%C3%B3i%20el%C3%A9gedetts%C3%A9g%20m%C3%A9r%C3%A9s%20a%20Robert%20Bosch%20Elektronika%20Kft.2019.05.15.%20Csizmadia%20Anett%20%C3%89va%20%28KWHZSL%29.pdf  |z Dokumentum-elérés 
856 4 0 |u http://dolgozattar.uni-bge.hu/22129/2/Titkos%C3%ADt%C3%A1si%20k%C3%A9relem%20Csizmadia%20Anett%20%C3%89va%20KWHZSL.pdf  |z Dokumentum-elérés